History: What Came First ? #4 - Statistics

General Stats
  • This quiz has been taken 86 times
  • The average score is 10 of 15
Answer Stats
Question Answer % Correct
Which came first? Karl Marx
92%
Which came first? Chocolate chip cookie
87%
Which came first? Seinfeld
86%
Which came first? Elevator
84%
Which came first? Baseball
83%
Which came first? Netflix
83%
Which came first? Dijon mustard
79%
Which came first? Electric battery
74%
Which came first? Barbie doll
67%
Which came first? Mary Shelley’s Frankenstein
67%
Which came first? King Kong
49%
Which came first? Discovery of the dwarf planet Pluto
46%
Which came first? White wedding dress
46%
Which came first? Snickers
45%
Which came first? Earliest versions of checkers
42%
No matching quizzes found
Score Distribution
Percent of People with Each Score
Percentile by Number Answered
Your Score History
You have not taken this quiz